000 00429nam a2200145Ia 4500
008 200619s9999 xx 000 0 und d
020 _a8185604762
082 _a320.55RAV
100 _aKumar Ravi
245 0 _aVenomous Touch : Notes on Caste, Culture and Politics
264 _aKolkatta
_bSamya : An Imprint of Bhaktal & Sen,
_c2009
300 _a297
942 _cIR
999 _c120051
_d120051